Chief Ministers of West Bengal - Statistics

General Stats
  • This quiz has been taken 28 times
  • The average score is 4 of 11
Answer Stats
Party Start Date End Date CM % Correct
AITC 20 May 2011 Incumbent Mamata Banerjee
90%
CPI(M) 21 June 1977 5 November 2000 Jyoti Basu
76%
INC 23 January 1948 1 July 1962 Bidhan Chandra Roy
57%
CPI(M) 6 November 2000 13 May 2011 Buddhadeb Bhattacharya
48%
INC 15 August 1947 22 January 1948 Prafulla Chandra Ghosh
24%
PDF 21 November 1967 19 February 1968 Prafulla Chandra Ghosh
24%
INC 9 July 1962 28 February 1967 Prafulla Chandra Sen
24%
INC 20 March 1972 30 April 1977 Siddhartha Shankar Ray
19%
BC 1 March 1967 21 November 1967 Ajoy Kumar Mukherjee
14%
BC 25 February 1969 16 March 1970 Ajoy Kumar Mukherjee
5%
INC 2 April 1971 28 June 1971 Ajoy Kumar Mukherjee
5%
No matching quizzes found
Score Distribution
Percent of People with Each Score
Percentile by Number Answered
Your Score History
You have not taken this quiz